[Event "SRB-chT2 West"]
[Site "Sabac"]
[Date "2014.09.27"]
[Round "5.4"]
[White "Krstic, Petar"]
[Black "Jesic, Dusan"]
[Result "0-1"]
[WhiteElo "2326"]
[BlackElo "2364"]
[PlyCount "85"]
[EventDate "2014.09.25"]
[EventType "team-swiss"]
[EventRounds "6"]
[EventCountry "SRB"]
[SourceTitle "EXT 2015"]
[Source "ChessBase"]
[SourceDate "2014.11.20"]
[SourceVersion "1"]
[SourceVersionDate "2014.11.20"]
[SourceQuality "1"]

1. e4 c5 2. Nc3 Nc6 3. f4 e6 4. Nf3 d5 5. Bb5 Nge7 6. exd5 exd5 7. Qe2 Qd6 8. d4 Bg4 9. dxc5 Qxc5 10. Be3 Bxf3 11. Bxc5 Bxe2 12. Nxe2 Nf5 13. Bxf8 Rxf8 14. 0-0-0 0-0-0 15. g3 Rfe8 16. Rhe1 Ne3 17. Rd2 Nc4 18. Bxc4 dxc4 19. Rxd8+ Nxd8 20. Kd2 Nc6 21. Nc3 Rxe1 22. Kxe1 Nd4 23. Kd2 Kd7 24. h3 h6 25. Ne4 Kc6 26. c3 Kd5 27. Nf2 Nf5 28. g4 Nd6 29. Ke3 b5 30. Kf3 a5 31. Nd1 b4 32. Ne3+ Kc5 33. Nd1 bxc3 34. bxc3 Kb5 35. Ke3 Ka4 36. Kd4 Ka3 37. Ne3 Kxa2 38. Kc5 Kb3 39. Nd5 a4 40. Kxd6 a3 41. Nb4 Kxc3 42. Kc5 Kb3 43. g5 0-1

[Event "SRB-chT"]
[Site "Vrnjacka Banja"]
[Date "2012.09.30"]
[Round "2.3"]
[White "Radovanovic, Dusan"]
[Black "Jesic, Dusan"]
[Result "1/2-1/2"]
[WhiteElo "2359"]
[BlackElo "2361"]
[PlyCount "189"]
[EventDate "2012.09.29"]
[EventType "team-tourn"]
[EventRounds "11"]
[EventCountry "SRB"]
[SourceTitle "CBM 150 Extra"]
[Source "ChessBase"]
[SourceDate "2012.10.19"]
[SourceVersion "1"]
[SourceVersionDate "2012.10.19"]
[SourceQuality "1"]
[WhiteTeam "Pozega"]
[BlackTeam "Sabac"]
[WhiteTeamCountry "SRB"]
[BlackTeamCountry "SRB"]

1. e4 c5 2. Nf3 Nc6 3. d4 cxd4 4. Nxd4 Qb6 5. Nb3 Nf6 6. Nc3 e6 7. Be3 Qc7 8. f4 Bb4 9. Bd3 d5 10. e5 Nd7 11. a3 Bxc3+ 12. bxc3 Na5 13. 0-0 Nc4 14. Bd4 Nb2 15. Qg4 0-0 16. f5 Nxe5 17. Bxe5 Qxe5 18. f6 Qe3+ 19. Kh1 Qh6 20. Qd4 Nxd3 21. cxd3 Re8 22. Rae1 Bd7 23. Qe5 Rac8 24. Re3 g5 25. Rg3 Kh8 26. Rxg5 Rg8 27. Rxg8+ Rxg8 28. Rf3 b6 29. Rh3 Qg5 30. Qxg5 Rxg5 31. Rf3 e5 32. d4 h5 33. h4 Rg4 34. dxe5 Rxh4+ 35. Kg1 Re4 36. Nd4 Rxe5 37. Kf2 Kh7 38. Rf4 Kg6 39. g3 Bf5 40. Nc6 Kxf6 41. Nxe5 Kxe5 42. Ke3 Be6 43. Rh4 Bg4 44. Rh2 Bd1 45. Rh1 Bg4 46. Re1 Bf5 47. Rf1 f6 48. Rf4 Bd7 49. c4 Be6 50. cxd5 Bxd5 51. Rh4 Bf7 52. Re4+ Kd6 53. Kd4 Be6 54. Re1 Bd7 55. Rf1 Ke7 56. Rh1 Be8 57. Re1+ Kd7 58. Ke4 Bg6+ 59. Kf4 a5 60. Rc1 Kd6 61. Rc8 b5 62. Ra8 a4 63. Rg8 Bf7 64. Rf8 Ke7 65. Rb8 Bc4 66. Rb7+ Ke6 67. Rb6+ Ke7 68. Rc6 Kf7 69. Rd6 Kg6 70. Rd4 Bb3 71. Ke3 Kg5 72. Rf4 Be6 73. Kd4 Bg4 74. Rf2 Be6 75. Kc5 Bc4 76. Rf4 Be2 77. Kd6 Bg4 78. Rf2 Bd1 79. Rd2 Bf3 80. Rd4 f5 81. Ke5 Be4 82. Rd8 Kg4 83. Rg8+ Kf3 84. Rg5 b4 85. axb4 a3 86. Rg7 a2 87. Ra7 Kxg3 88. Ra3+ Kg4 89. Rxa2 h4 90. b5 h3 91. b6 Kg3 92. Ra3+ Kg4 93. Rxh3 Kxh3 94. b7 Bxb7 95. Kxf5 1/2-1/2

[Event "SRB-chT 1st League"]
[Site "Valjevo"]
[Date "2010.09.22"]
[Round "6"]
[White "Jesic, Dusan"]
[Black "Sredojevic, Ivan"]
[Result "1/2-1/2"]
[WhiteElo "2363"]
[BlackElo "2390"]
[PlyCount "153"]
[EventDate "2010.09.18"]
[EventType "team"]
[EventRounds "11"]
[EventCountry "SRB"]
[SourceTitle "CBM 138 Extra"]
[Source "ChessBase"]
[SourceDate "2010.10.29"]
[SourceVersion "1"]
[SourceVersionDate "2010.10.29"]
[SourceQuality "1"]

1. e4 c5 2. Nf3 e6 3. d4 cxd4 4. Nxd4 Nf6 5. Nc3 d6 6. f4 a6 7. Qf3 Qb6 8. Nb3 Nbd7 9. g4 h6 10. h4 g6 11. Be3 Qc7 12. g5 hxg5 13. hxg5 Rxh1 14. Qxh1 Nh5 15. 0-0-0 b5 16. a3 Bb7 17. Qh3 Rc8 18. f5 Ng7 19. fxg6 fxg6 20. Nd4 Nc5 21. Bg2 e5 22. Rf1 exd4 23. Bxd4 Nh5 24. Bxc5 Qxc5 25. Qe6+ Be7 26. Qxg6+ Kd8 27. Qxh5 Qxg5+ 28. Qxg5 Bxg5+ 29. Kb1 Ke7 30. Nd5+ Bxd5 31. exd5 Bf6 32. Bh3 Rh8 33. Be6 a5 34. c3 Rh2 35. Rf4 Rh4 36. Rf2 b4 37. cxb4 axb4 38. Ka2 bxa3 39. Kxa3 Rh1 40. Ka4 Rb1 41. b4 Bc3 42. Rf4 Bd2 43. Rg4 Kd8 44. Kb5 Kc7 45. Rd4 Be1 46. Re4 Bd2 47. Bf5 Rb2 48. Bg6 Kb7 49. Be8 Rb1 50. Bc6+ Kc7 51. Re7+ Kd8 52. Re4 Kc7 53. Be8 Rb2 54. Bg6 Kb7 55. Rg4 Kc7 56. Rd4 Be1 57. Bd3 Kb7 58. Re4 Bd2 59. Re7+ Kc8 60. Kb6 Kd8 61. Re2 Bc3 62. Rxb2 Bxb2 63. Bf5 Ba3 64. b5 Bb4 65. Kb7 Ba3 66. Kb8 Bc5 67. Kb7 Ba3 68. b6 Bc5 69. Ka6 Bf2 70. Kb5 Be3 71. Kc6 Bf2 72. b7 Ba7 73. Kxd6 Bb8+ 74. Kc6 Ke8 75. Bg6+ Kd8 76. Bh5 Bd6 77. Kxd6 1/2-1/2